Guess the Shawn Mendes song with no hints #1 - Statistiken

Allgemein
  • Dieses Quiz wurde 191 mal gespielt
  • Das Durchschnittsergebnis liegt bei 100 aus 210
Antwortstatistiken
Lyrics % Korrekt
I
97%
you
94%
a
92%
me
85%
the
79%
be
74%
we
74%
when
71%
When
71%
to
70%
are
68%
And
66%
my
66%
know
62%
your
62%
it
60%
don't
54%
there
52%
So
51%
that
50%
for
44%
heart
44%
how
43%
of
43%
can't
40%
never
39%
Take
39%
take
39%
hold
38%
alone
36%
let
36%
need
35%
all
32%
it's
32%
Just
32%
make
32%
one
32%
now
31%
apart
30%
down
30%
Right
30%
piece
29%
but
28%
things
28%
You'll
28%
fall
27%
gone
27%
I'll
27%
some
27%
or
26%
talk
26%
close
25%
day
25%
eyes
25%
miss
25%
under
25%
little
24%
about
23%
Hey
23%
hey
23%
own
23%
stars
23%
stay
23%
lay
22%
may
21%
same
20%
keep
19%
remember
19%
stop
19%
longer
18%
asleep
17%
crazy
17%
far
17%
pretty
17%
promise
17%
tonight
17%
slow
16%
around
15%
safe
14%
sound
14%
Keine übereinstimmenden Quizze gefunden
Verteilung der Resultate
Anzahl Personen mit jedem Resultat
Perzentil nach korrekt beantworteten Fragen
Ihre Resultats-Entwicklung
Sie haben dieses Quiz noch nicht gespielt